Central Library OPAC University of Rajshahi

বাংলা কথাসাহিত্য পাঠ / (Record no. 39061)

MARC details
000 -LEADER
fixed length control field 00729nam a2200217 a 4500
001 - CONTROL NUMBER
control field 39061
003 - CONTROL NUMBER IDENTIFIER
rucl marc code BD-RjUL
005 - DATE AND TIME OF LATEST TRANSACTION
control field 20211209052917.0
008 - FIXED-LENGTH DATA ELEMENTS--GENERAL INFORMATION
fixed length control field 160404b2002 bg ||||e |||| 00| 0 ben d
020 ## - INTERNATIONAL STANDARD BOOK NUMBER
International Standard Book Number 984074271x
Terms of availability TK. 105.00
035 ## - SYSTEM CONTROL NUMBER
System control number (BD-RjUL)39172
040 ## - CATALOGING SOURCE
Original cataloging agency BD-RjUL
Language of cataloging ben
Transcribing agency BD-RjUL
041 ## - LANGUAGE CODE
Language code of text/sound track or separate title ben
082 ## - DEWEY DECIMAL CLASSIFICATION NUMBER
Edition number 23
Classification number 891.443
Author mark and year GHB 2002
100 ## - MAIN ENTRY--PERSONAL NAME
Personal name ঘোষ, বিশ্বজিৎ
9 (RLIN) 120566
245 10 - TITLE STATEMENT
Title বাংলা কথাসাহিত্য পাঠ /
Statement of responsibility, etc. বিশ্বজিৎ ঘোষ .
260 ## - PUBLICATION, DISTRIBUTION, ETC. (IMPRINT)
Place of publication, distribution, etc. ঢাকা :
Name of publisher, distributor, etc. বাংলা একাডেমী ;
Date of publication, distribution, etc. ২০০২
300 ## - PHYSICAL DESCRIPTION
Pagination ১৯৮ পৃ. ;
Size ২২ সেমি.
650 ## - SUBJECT ADDED ENTRY--TOPICAL TERM
Topical term or geographic name as entry element Bengali Literature
9 (RLIN) 120393
942 ## - ADDED ENTRY ELEMENTS (KOHA)
Source of classification or shelving scheme Dewey Decimal Classification
Koha item type Books
Holdings
Lost status Source of classification or shelving scheme Damaged status Not for loan Collection code Permanent Location Current Location Shelving location Date acquired Source of acquisition Cost, normal purchase price Total Checkouts Full call number Date last seen Copy number Koha item type Date checked out
  Dewey Decimal Classification   Not For Loan Fiction Central Library, University of Rajshahi Central Library, University of Rajshahi Reading Room 13/06/2013 Bangla Academy, Dhaka 105.00   B 891.443 GHB 2002 04/04/2016 C-1 Books  
  Dewey Decimal Classification     Fiction Central Library, University of Rajshahi Central Library, University of Rajshahi   13/06/2013 Bangla Academy, Dhaka 105.00 1 B 891.443 GHB 2002 28/12/2016 c-2 Books 27/09/2016
  Dewey Decimal Classification     Fiction Central Library, University of Rajshahi Central Library, University of Rajshahi   13/06/2013 Bangla Academy, Dhaka 105.00 2 B 891.443 GHB 2002 29/05/2018 C-3 Books 14/05/2018